El gran flamenco y otros cuentos
Salvato in:
| Autore principale: | |
|---|---|
| Natura: | Libro |
| Lingua: | spagnolo |
| Pubblicazione: |
Valparaíso, Chile:
Consejo Nacional de la Cultura y las Artes; Ediciones Universitarias de Valparaíso,
2013.
|
| Soggetti: | |
| Tags: |
Aggiungi Tag
Nessun Tag, puoi essere il primo ad aggiungerne!!
|
MARC
| LEADER | 00000cam a2200000 a 4500 | ||
|---|---|---|---|
| 001 | UCD2582 | ||
| 003 | CL-VaPUC | ||
| 005 | 20230531074420.0 | ||
| 008 | 160428e20130000cl |||||||||||||||||spa|d | ||
| 999 | |c 363736 |d 363734 | ||
| 020 | |a 9789561705494 | ||
| 040 | |c Pontificia Universidad Católica de Valparaíso | ||
| 082 | 0 | 4 | |a Ch863 VAL 2013 |2 21 |
| 100 | 0 | |a Valenzuela Fuenzalida, Alvaro Miguel |e autor |9 585951 | |
| 245 | 1 | 3 | |a El gran flamenco y otros cuentos |
| 260 | |a Valparaíso, Chile: |b Consejo Nacional de la Cultura y las Artes; |b Ediciones Universitarias de Valparaíso, |c 2013. | ||
| 300 | |a 179 páginas. | ||
| 500 | |a c.1 Donación Sr. Claudio Elórtegui R. (julio 2022) | ||
| 583 | |a last modification |c 20160428 21:50:00 |k Rodrigo Vera | ||
| 650 | 0 | |a Cuentos chilenos |9 308280 |z Atacama | |
| 650 | 0 | |a Literatura chilena |9 308278 | |
| 650 | 0 | |a Cultura atacameña |x Kunza (Lengua) |9 877433 | |
| 942 | |c BK |2 ddc | ||
| 952 | |0 0 |1 0 |2 ddc |3 erb |4 0 |6 CH_863_000000000000000_VAL_2013 |7 0 |8 X |9 476412 |a FDOBUD |b FDOBUD |i 5302676 |o Ch863 VAL 2013 |p 5302676 |r 2019-11-24 |w 2019-11-24 |y BK_X |z Catalogado en:20160428 |k FHP | ||
| 952 | |0 0 |1 0 |2 ddc |4 0 |6 CH_863_000000000000000_VAL_2013 |7 0 |8 A |9 587109 |a BIBEDU |b BIBEDU |c GEN |d 2022-10-06 |e Donación |i 5655051 |o Ch863 VAL 2013 |p 5655051 |r 2022-10-06 |t 1 |w 2022-10-06 |y BK |k EDU | ||